Addressing CDM regulations through quality management systems (Record no. 106879)
[ view plain ]
| 000 -LEADER | |
|---|---|
| fixed length control field | 01427cam a22002535a 4500 |
| 001 - CONTROL NUMBER | |
| control field | L137707 |
| 008 - FIXED-LENGTH DATA ELEMENTS--GENERAL INFORMATION | |
| fixed length control field | 080724s1999 xxkd f 001 0 eng d |
| 020 ## - INTERNATIONAL STANDARD BOOK NUMBER | |
| International Standard Book Number | 0566080788 |
| 035 ## - SYSTEM CONTROL NUMBER | |
| System control number | (Sirsi) u137707 |
| 041 0# - LANGUAGE CODE | |
| Language code of text/sound track or separate title | eng |
| 050 04 - LIBRARY OF CONGRESS CALL NUMBER | |
| Classification number | 690.22 $2 18 |
| 100 1# - MAIN ENTRY--PERSONAL NAME | |
| Personal name | Thorpe, Brian |
| 245 00 - TITLE STATEMENT | |
| Title | Addressing CDM regulations through quality management systems |
| 260 ## - PUBLICATION, DISTRIBUTION, ETC. | |
| Place of publication, distribution, etc. | Aldershot |
| Name of publisher, distributor, etc. | Gower Publishing Ltd |
| Date of publication, distribution, etc. | 1999 |
| 300 ## - PHYSICAL DESCRIPTION | |
| Extent | xvii, 148p. |
| Other physical details | ill. |
| Dimensions | 25cm. |
| 350 ## - PRICE (NR) (BK AM CF MU VM SE) [OBSOLETE] | |
| Price | 48 |
| 505 2# - FORMATTED CONTENTS NOTE | |
| Formatted contents note | Part I - setting the scene: Quality management -- Construction (Design and Management) Regulations 1994 -- Useful approaches for developing information and controlling project activities -- Summary |
| 505 2# - FORMATTED CONTENTS NOTE | |
| Formatted contents note | Part II - addressing the regulations: Introduction -- The client -- The planning supervisor -- The designer -- The principal contractor -- The contractor -- Conclusions |
| 520 ## - SUMMARY, ETC. | |
| Summary, etc. | Discusses how to identify, manage and control the demands of the 1994 CDM (Construction Design and Management) regulations. Covers the adaptation of existing quality management systems with the new regulations and mentions that these systems can provide an ideal framework for CDM complicance. Also looks at the role of the key parties and provides various sample documents. |
| 521 ## - TARGET AUDIENCE NOTE | |
| Target audience note | Advanced |
| 651 #4 - SUBJECT ADDED ENTRY--GEOGRAPHIC NAME | |
| Geographic name | England and Wales |
| Chronological subdivision | 1543- |
| 690 ## - LOCAL SUBJECT ADDED ENTRY--TOPICAL TERM (OCLC, RLIN) | |
| Topical term or geographic name as entry element | BUILT ENVIRONMENT-CONSTRUCTION MANAGEMENT-CONSTRUCTION DESIGN AND MANAGEMENT |
| 942 ## - ADDED ENTRY ELEMENTS (KOHA) | |
| Suppress in OPAC | 0 |
| Withdrawn status | Lost status | Source of classification or shelving scheme | Damaged status | Not for loan | Home library | Current library | Shelving location | Date acquired | Total Checkouts | Full call number | Barcode | Date last seen | Date last checked out | Copy number | Price effective from | Koha item type |
|---|---|---|---|---|---|---|---|---|---|---|---|---|---|---|---|---|
| Dewey Decimal Classification | London | London | Books | 24/07/2008 | 1 | 690.22 THO | 30073814 | 06/08/2019 | 21/01/2009 | 1 | 06/08/2019 | Book |